Guía de emprendimiento e innovación en fruticultura
Gardado en:
| Autor Corporativo: | |
|---|---|
| Formato: | Libro |
| Idioma: | Lingua castelá |
| Publicado: |
Santiago
Federación de Productores de Frutas de Chile
2010
|
| Subjects: | |
| Tags: |
Engadir etiqueta
Sen Etiquetas, Sexa o primeiro en etiquetar este rexistro!
|
MARC
| LEADER | 00000cam a2200000 a 4500 | ||
|---|---|---|---|
| 001 | UCF8818 | ||
| 003 | CL-VaPUC | ||
| 008 | 131004e20100000cl |||||||||||||||||spa|d | ||
| 082 | 0 | 4 | |a 634 |b FED |2 21 |
| 110 | 2 | |a Federación de Productores de Frutas de Chile |e author |9 570930 | |
| 245 | 1 | 0 | |a Guía de emprendimiento e innovación en fruticultura |
| 246 | 1 | 0 | |a Proyecto: instalación de la innovación de valor en el sector frutícola chileno para mejorar su competitividad |
| 300 | |a 115 p | ||
| 942 | |c BK | ||
| 945 | |d 20131004 22:02:00 |a dcastane | ||
| 260 | |a Santiago |b Federación de Productores de Frutas de Chile |c 2010 | ||
| 650 | 0 | |a Fruticultura |9 259678 | |
| 650 | 7 | |a INNOVACIONES TECNOLOGICAS |2 CL-VaPUC |9 570931 | |
| 650 | 0 | |a Emprendimiento |9 553262 | |
| 583 | |a last modification |c 20131004 22:02:00 |k Rodrigo Vera | ||
| 999 | |c 353349 |d 353347 | ||
| 952 | |0 0 |1 0 |3 erb |4 0 |6 634_000000000000000_FED_2010 |7 0 |8 A |9 458489 |a BIBAGR |b BIBAGR |d 2019-11-23 |i 5007208 |o 634 FED 2010 |p 5007208 |r 2025-01-20 |w 2019-11-23 |y BK |z Catalogado en:20131004 |k AGR | ||
| 952 | |0 0 |1 0 |3 erb |4 0 |6 634_000000000000000_FED_2010 |7 0 |8 A |9 458490 |a BIBAGR |b BIBAGR |d 2019-11-23 |i 5007216 |o 634 FED 2010 |p 5007216 |r 2025-01-20 |w 2019-11-23 |y BK |z Catalogado en:20131004 |k AGR | ||